How Immigration Grease Is Affected by Economic, Institutional, and Policy Contexts: Evidence from EU Labor Markets

Na základe súborov údajov EÚ o LFS a EÚ SILC skúmanie vzťahu medzi zostatkovou mzdovou prirážkou ako miery nedostatku kvalifikovaných pracovných síl v rôznych profesijných odvetviach priemyslu a krajiny a zároveň podielu prisťahovalcov a domorodcov pracujúcich v príslušných odvetviach.

Gespeichert in:
Bibliographische Detailangaben
1. Verfasser: Guzi, Martin
Weitere Verfasser: Kahanec, Martin, 1977-, Mýtna Kureková, Lucia
Format: Buchkapitel
Sprache:Englisch
Schlagworte:
Tags: Tag hinzufügen
Keine Tags, Fügen Sie das erste Tag hinzu!

MARC

LEADER 00000nla a2200000 4500
001 0245473
005 20250611132354.3
041 0 |a eng 
044 |a CH 
245 1 0 |a How Immigration Grease Is Affected by Economic, Institutional, and Policy Contexts: Evidence from EU Labor Markets  |c Martin Guzi, Martin Kahanec, Lucia Mýtna Kureková 
520 |a Na základe súborov údajov EÚ o LFS a EÚ SILC skúmanie vzťahu medzi zostatkovou mzdovou prirážkou ako miery nedostatku kvalifikovaných pracovných síl v rôznych profesijných odvetviach priemyslu a krajiny a zároveň podielu prisťahovalcov a domorodcov pracujúcich v príslušných odvetviach. 
610 2 0 |a migrácia 
610 2 0 |a imigrácia 
610 2 0 |a sily pracovné 
610 2 0 |a trh práce 
610 2 0 |a štát sociálny 
610 2 0 |a legislatíva 
610 2 0 |a zručnosti sociálne 
610 2 0 |a vzdelávanie ďalšie 
610 2 0 |a Európska únia 
610 2 0 |a Európsky ekonomický priestor 
100 1 |a Guzi, Martin 
700 1 |a Kahanec, Martin, 1977- 
700 1 |a Mýtna Kureková, Lucia